Michigan Wolverines Football Trivia - Statistics

General Stats
  • This quiz has been taken 3,737 times
    733 since last reset
  • The average score is 14 of 20
Answer Stats
Hint Answer % Correct
Michigan's biggest rival Ohio State
99%
Michigan's second biggest rival, dismissively referred to as "little brother" Michigan State
98%
Former player who was a five-time Super Bowl MVP Tom Brady
97%
Nickname of Michigan Stadium The Big House
91%
Head coach of the 2023 national champion squad Jim Harbaugh
90%
Quarterback of the 2023 team J. J. McCarthy
88%
Team that Michigan beat in two different bowl games during the 2024 calendar year Alabama
82%
Running back who rushed for 27 touchdowns in 2023 Blake Corum
75%
Last name of the father/son players Chris and Aiden Hutchinson
71%
Cornerback who won the Heisman in 1997 Charles Woodson
70%
Michigan's fight song The Victors
70%
U.S. President who played for Michigan Gerald Ford
63%
Of all the teams that Michigan has played at least 30 times, the only one that is NOT in the Big Ten Notre Dame
63%
Receiver / returner who won the Heisman in 1991 Desmond Howard
59%
Trophy awarded to the winner of the Michigan-Minnesota game The Little Brown Jug
53%
Michigan's coach from 1969–1989 Bo Schembechler
48%
Denard Robinson's nickname Shoelace
42%
Head coach of the 1997 national champions Lloyd Carr
38%
All-time leader in passing yards (2004–2007) Chad Henne
37%
Team which Michigan defeated 49-0 in the first Rose Bowl Stanford
35%
No matching quizzes found
Score Distribution
Percent of People with Each Score
Percentile by Number Answered
Your Score History
You have not taken this quiz since the last reset